000 00664nam a22001577a 4500
003 OSt
005 20150920113350.0
008 150920b xxu||||| |||| 00| 0 eng d
040 _cRUA
082 _aAGR HE 2008 B038 Or.1
100 _9928
_aHE, LAPY.
245 _aEffect of organic mulching on lettuce under condition of royal university of agriculture ឥទ្ធិពលគំរបធម្មជាតិទៅលើដំណាំសាលាដក្នុងលក្ខខណ្ឌសាកលវិទ្យាល័យភូមិន្ទកសិកម្ម
260 _aPhnom Penh
_bRUA
_c2008
300 _axi; 53p.
_bill.
_c29cm.
942 _2ddc
_cAGR
999 _c895
_d895